00610cam a2200181 a 45000010009000000050017000090080041000260200022000670500022000890820012001111000032001232450111001552500012002662600055002783000057003336500016003907000022004061183141020250319164610.0991102s2001 njua b 001 0 eng  a013017601X (pbk.)00aHD31b.R5643 200100a6582211 aRobbins, Stephen P.,d1943-10aFundamentals of management :bessential concepts and applications /cStephen P. Robbins, David A. DeCenzo. a3rd ed. aUpper Saddle River, N.J. :bPrentice Hall,cc2001. a1 v. (various pagings) :bill. (some col.) ;c26 cm. 0aManagement.1 aDeCenzo, David A.